| 000 | 00736nam a22002177a 4500 | ||
|---|---|---|---|
| 005 | 20170124110246.0 | ||
| 010 | _aA-938271 | ||
| 020 |
_c00.00 _a0333930479 |
||
| 035 | _aA-938271 | ||
| 037 | _bCen Lib/Ret | ||
| 040 |
_aDPL _bEN |
||
| 082 |
_a881.08 _bYOG |
||
| 100 |
_aYogananda, Sri Paramahansa _997488 |
||
| 245 |
_aWine of the mystic the rubaiyat of Umar khayyam : _ba spritual interpretation / _cby Sri Paramahansa Yogananda |
||
| 260 |
_aNew Delhi _bMacmillan india _c1997 |
||
| 270 |
_a2/10, Ansari road Darya Ganj _bNew Delhi _e110002 |
||
| 300 |
_axxii,170p. : _c20cm(Hb) _bill. |
||
| 650 |
_aPersian poetry _997489 |
||
| 650 |
_aRubāʻīyāt (Omar Khayyam) _924433 |
||
| 942 |
_2ddc _cEN _h881.08 _mYOG |
||
| 999 |
_c135512 _d135512 |
||